<?xml version="1.0" encoding="UTF-8"?>
<record
    xmlns:xsi="http://www.w3.org/2001/XMLSchema-instance"
    xsi:schemaLocation="http://www.loc.gov/MARC21/slim http://www.loc.gov/standards/marcxml/schema/MARC21slim.xsd"
    xmlns="http://www.loc.gov/MARC21/slim">

  <leader>01122nam a22001817a 4500</leader>
  <controlfield tag="003">IT-RoPau</controlfield>
  <controlfield tag="005">20220918181105.0</controlfield>
  <controlfield tag="008">130508b        xxu||||| |||| 00| 0 eng d</controlfield>
  <datafield tag="040" ind1=" " ind2=" ">
    <subfield code="c">IT-RoPau</subfield>
  </datafield>
  <datafield tag="100" ind1=" " ind2=" ">
    <subfield code="a">Centro di Spiritualit&#xE0; Paolina</subfield>
    <subfield code="9">518</subfield>
  </datafield>
  <datafield tag="245" ind1=" " ind2=" ">
    <subfield code="a">San Paolo e la Famiglia Paolina </subfield>
    <subfield code="b">nello spirito di don Giacomo Alberione</subfield>
  </datafield>
  <datafield tag="250" ind1=" " ind2=" ">
    <subfield code="a">1&#xB0; ed</subfield>
  </datafield>
  <datafield tag="260" ind1=" " ind2=" ">
    <subfield code="a">Ariccia (Roma)</subfield>
    <subfield code="b">Centro Spirituale Paolina - Casa Divino Maestro</subfield>
    <subfield code="c">1973</subfield>
  </datafield>
  <datafield tag="300" ind1=" " ind2=" ">
    <subfield code="a">98 pp.</subfield>
    <subfield code="c">28 cm</subfield>
  </datafield>
  <datafield tag="490" ind1=" " ind2=" ">
    <subfield code="v">II&#xB0; Vol - Settembre 1973</subfield>
    <subfield code="a">Punti di riferimento della nostra vita spirituale</subfield>
  </datafield>
  <datafield tag="520" ind1=" " ind2=" ">
    <subfield code="a">Indice

Introduzione - Paolini consapevolmente
- Fonti e Sigle
Capitolo primo:  - Lo spirito paolino
secondo:  - La scelta
terzo: - Conoscenza dell'Apostolo Paolo
quarto: - San Paolo, oggi, nella Famiglia Paolina
quinto: -  I nostri impegni con San Paolo: 1&#xB0; conoscerlo
sesto: -  I nostri impegni con San Paolo: 2&#xB0; imitarlo
settimo: -  I nostri impegni con San Paolo: 3&#xB0; pregarlo
ottavo: - Dialogo confidenziale su san Paolo e lo spirito paolino
nono: - Appuntamenti paolini nell' epistolario di Don Alberione
Conclusione</subfield>
  </datafield>
  <datafield tag="942" ind1=" " ind2=" ">
    <subfield code="2">ddc</subfield>
    <subfield code="c">BK</subfield>
  </datafield>
  <datafield tag="999" ind1=" " ind2=" ">
    <subfield code="c">98503</subfield>
    <subfield code="d">98503</subfield>
  </datafield>
  <datafield tag="952" ind1=" " ind2=" ">
    <subfield code="0">0</subfield>
    <subfield code="1">0</subfield>
    <subfield code="2">ddc</subfield>
    <subfield code="4">0</subfield>
    <subfield code="6">P_C6</subfield>
    <subfield code="7">1</subfield>
    <subfield code="a">PAULUS</subfield>
    <subfield code="b">PAULUS</subfield>
    <subfield code="d">2013-05-08</subfield>
    <subfield code="l">0</subfield>
    <subfield code="o">P C6</subfield>
    <subfield code="r">2013-05-08 00:00:00</subfield>
    <subfield code="w">2013-05-08</subfield>
    <subfield code="y">BK</subfield>
  </datafield>
</record>
